书目信息 |
| 题名: |
女性理财致富
|
|
| 作者: | 赵鹏 著 | |
| 分册: | ||
| 出版信息: | 北京 机械工业出版社 2006.02 |
|
| 页数: | 150页 | |
| 开本: | 21cm | |
| 丛书名: | 金算盘理财系列 | |
| 单 册: | ||
| 中图分类: | TS976.15 | |
| 科图分类: | ||
| 主题词: | 家庭管理--jia ting guan li--经济管理--基本知识 | |
| 电子资源: | ||
| ISBN: | 7-111-18460-2 | |
| 000 | 00845nam 2200253 450 | |
| 001 | 012006162335 | |
| 005 | 20061205094433.23 | |
| 010 | @a7-111-18460-2@dCNY22.00 | |
| 100 | @a20061105d2006 km y0chiy0120 ea | |
| 101 | 0 | @achi |
| 102 | @aCN@b110000 | |
| 105 | @aa z 000yy | |
| 200 | 1 | @a女性理财致富@Anu xing li cai zhi fu@f赵鹏著@Fzhao peng zhu |
| 210 | @a北京@c机械工业出版社@d2006.02 | |
| 215 | @a150页@c图@d21cm | |
| 225 | 2 | @a金算盘理财系列@Ajin suan pan li cai xi lie |
| 300 | @a华章经营 | |
| 330 | @a本书主要针对女性理财中常范的55个错误逐一进行分析和讲解,作者用自己的亲身经历和感悟告诉读者应该如何避免错误。 | |
| 410 | 0 | @12001 @a金算盘理财系列 |
| 606 | 0 | @a家庭管理@Ajia ting guan li@x经济管理@x基本知识 |
| 690 | @aTS976.15@v4 | |
| 701 | 0 | @a赵鹏@Azhao peng@4著 |
| 801 | 0 | @aCN@c20061205 |
| 905 | @a10447@dTS976.15@eZ312 | |
| 女性理财致富/赵鹏著.-北京:机械工业出版社,2006.02 |
| 150页:图;21cm.-(金算盘理财系列) |
| 华章经营 |
| ISBN 7-111-18460-2:CNY22.00 |
| 本书主要针对女性理财中常范的55个错误逐一进行分析和讲解,作者用自己的亲身经历和感悟告诉读者应该如何避免错误。 |
| ● |
| 相关链接 |
|
|
|
正题名:女性理财致富
索取号:TS976.15/Z312
 
预约/预借
| 序号 | 登录号 | 条形码 | 馆藏地/架位号 | 状态 | 备注 |
| 1 | 226167 | 202261676 | 自科库501/501自科库 46排4列2层/ [索取号:TS976.15/Z312] | 在馆 | |
| 2 | 226168 | 202261685 | 自科库501/501自科库 46排4列2层/ [索取号:TS976.15/Z312] | 在馆 | |
| 3 | 226169 | 202261694 | 自科库501/501自科库 46排4列2层/ [索取号:TS976.15/Z312] | 在馆 |